00732nam a22002057a 4500003001100000005001700011008004100028020001500069040003900084041000800123082001500131100002100146130009500167245007900262260003900341300001900380490006200399650003100461650003400492LK-CoMWRAF20231213114408.0231213b2001 |||||||| |||| 00| 0 eng d a9555820902 aLK-CoMWRAFdLK-CoMWRAFeLK-CoMWRAF aeng a303.6bGUN aGunaratna, Rohan aA history of ethnic conflict in Sri Lanka: recollection, reinterpretation & reconciliation aInternational dimension of the Sri Lankan conflict : bthreat and response aColombo: bMarga Institute, c2001 a24 p. ; 23 cm  aMarga monograph series on ethnic reconciliation v no. 27 aEthnic conflict- Sri Lanka aNational security- South Asia